Mitigating factors explain auction woes (Record no. 75225)

MARC details
000 -LEADER
fixed length control field 00718cab a2200169 4500
001 - CONTROL NUMBER
control field L129713
008 - FIXED-LENGTH DATA ELEMENTS--GENERAL INFORMATION
fixed length control field 050516n2005 000 0 eng u
035 ## - SYSTEM CONTROL NUMBER
System control number (Sirsi) u129713
041 ## - LANGUAGE CODE
Language code of text/sound track or separate title eng
245 ## - TITLE STATEMENT
Title Mitigating factors explain auction woes
260 ## - PUBLICATION, DISTRIBUTION, ETC.
Date of publication, distribution, etc. 2005
490 ## - SERIES STATEMENT
Series statement Property Week
Volume/sequential designation 70(17) 29 April 2005, 23(1)
520 ## - SUMMARY, ETC.
Summary, etc. The latest IPD/JLL Auctions Results Analysis Service (ARAS) shows that the number of properties offered and sold at auction in the first quarter of 2005 fell by nearly a third. This drop is partly blamed on an early Easter and the dissolution of Nelson Bakewell.
590 ## - LOCAL NOTE (RLIN)
Local note IKA190505
690 ## - LOCAL SUBJECT ADDED ENTRY--TOPICAL TERM (OCLC, RLIN)
Topical term or geographic name as entry element PROPERTY-COMMERCIAL PROPERTY-AUCTIONEERING COMMERCIAL PROPERTY
942 ## - ADDED ENTRY ELEMENTS (KOHA)
Suppress in OPAC 0
Holdings
Withdrawn status Lost status Source of classification or shelving scheme Damaged status Not for loan Home library Current library Shelving location Date acquired Total Checkouts Full call number Barcode Date last seen Copy number Price effective from Koha item type
    Dewey Decimal Classification     London London Journal article 16/05/2005   L129713 129713-1001 06/08/2019 1 06/08/2019 Journal article